Central Library OPAC University of Rajshahi

The theory of economic change / (Record no. 1992)

MARC details
000 -LEADER
fixed length control field 00745cam a22002531 4500
001 - CONTROL NUMBER
control field 1992
003 - CONTROL NUMBER IDENTIFIER
rucl marc code BD-RjUL
005 - DATE AND TIME OF LATEST TRANSACTION
control field 20211208233447.0
008 - FIXED-LENGTH DATA ELEMENTS--GENERAL INFORMATION
fixed length control field 131210s1948 onc 001 0 eng d
035 ## - SYSTEM CONTROL NUMBER
System control number (BD-RjUL)2019
System control number (OCoLC)757388
040 ## - CATALOGING SOURCE
Original cataloging agency DLC
Transcribing agency VtMiM
Modifying agency OCoLC
-- DLC
-- BD-RjUL
Language of cataloging eng
041 ## - LANGUAGE CODE
Language code of text/sound track or separate title eng
082 ## - DEWEY DECIMAL CLASSIFICATION NUMBER
Classification number 330.16
Author mark and year KET
100 1# - MAIN ENTRY--PERSONAL NAME
Personal name Keirstead, B. S.
Fuller form of name (Burton Seely),
Dates associated with a name 1907-
9 (RLIN) 6562
245 14 - TITLE STATEMENT
Title The theory of economic change /
Statement of responsibility, etc. B. S. Keirstead.
260 ## - PUBLICATION, DISTRIBUTION, ETC. (IMPRINT)
Place of publication, distribution, etc. Toronto :
Name of publisher, distributor, etc. Macmillan Co. of Canada,
Date of publication, distribution, etc. c1948.
300 ## - PHYSICAL DESCRIPTION
Pagination xi, 386 p. :
Illustrations diagrs. ;
Size 22 cm.
504 ## - BIBLIOGRAPHY, ETC. NOTE
Bibliography, etc Includes index and Bibliographical footnotes.
650 #0 - SUBJECT ADDED ENTRY--TOPICAL TERM
Topical term or geographic name as entry element Economics.
9 (RLIN) 6563
942 ## - ADDED ENTRY ELEMENTS (KOHA)
Source of classification or shelving scheme Dewey Decimal Classification
Koha item type Books
Holdings
Lost status Source of classification or shelving scheme Damaged status Not for loan Collection code Permanent Location Current Location Shelving location Date acquired Source of acquisition Cost, normal purchase price Total Checkouts Full call number Date last seen Copy number Koha item type
  Dewey Decimal Classification   Not For Loan Non-fiction Central Library, University of Rajshahi Central Library, University of Rajshahi Reading Room 25/01/1956 STM 1.10   330.16 KET 1948 10/12/2013 C-1 Books
  Dewey Decimal Classification     Non-fiction Central Library, University of Rajshahi Central Library, University of Rajshahi   25/01/1956 S+M 1.10   330.16 KET 1948 18/06/2016 C-2 Books